Gramàtica històrica del català antic / A. Griera
Descripción Física:
[4], 157 p. ; 26 cm
Materias:
Català antic -- Gramàtica històrica
MARC
| LEADER | 00000nam a2200000Ia 4500 | ||
|---|---|---|---|
| 001 | 11832 | ||
| 003 | BGR | ||
| 005 | 20260324175302.0 | ||
| 008 | 160829s1931 xx 000 0 cat d | ||
| 080 | |a L-1-35 | ||
| 100 | 1 | |a Griera, A. |q (Antoni), |d 1887-1973 |9 36434 | |
| 245 | |a Gramàtica històrica del català antic / A. Griera | ||
| 260 | |a Barcelona : |b Institució Patxot, |c 1931 | ||
| 300 | |a [4], 157 p. ; |c 26 cm | ||
| 590 | |a Exemplar sense coberta. | ||
| 590 | |a Bibliografia. | ||
| 590 | |a Índex | ||
| 650 | |a Català antic |x Gramàtica històrica |9 24902 | ||
| 710 | 2 | |a Institució Patxot |9 71069 | |
| 901 | |a Arxiu | ||
| 942 | |n 1 |2 udc |c MON | ||
| 952 | |0 0 |1 0 |4 0 |6 L135 |7 1 |9 43369 |a Arxiu |b Arxiu |d 2016-12-01 |l 0 |o L-1-35 |p 11832 |r 2016-12-01 00:00:00 |w 2016-12-01 |y ARXIU | ||
| 999 | |c 45914 |d 45914 | ||